Reacher Books by Lee Child - Statistics

General Stats
  • This quiz has been taken 36 times
  • The average score is 15 of 30
Answer Stats
Published Number Answer % Correct
1997 1 Killing Floor
94%
2007 11 Bad Luck and Trouble
83%
2003 7 Persuader
83%
1999 3 Tripwire
83%
2019 24 Blue Moon
78%
2005 9 One Shot
72%
2000 4 The Visitor
72%
1998 2 Die Trying
67%
2001 5 Echo Burning
67%
2004 8 The Enemy
67%
2010 14 61 Hours
61%
2013 18 Never Go Back
61%
2016 21 Night School
61%
2014 19 Personal
56%
2017 22 The Midnight Line
56%
2015 20 Make Me
50%
2002 6 Without Fail
50%
2011 16 The Affair
44%
2008 12 Nothing To Lose
39%
2018 23 Past Tense
39%
2012 17 A Wanted Man
33%
2009 13 Gone Tomorrow
33%
2006 10 The Hard Way
33%
2020 25 The Sentinel
33%
2022 27 No Plan B
22%
2021 26 Better Off Dead
17%
2025 30 Exit Strategy
11%
2024 29 In Too Deep
11%
2010 15 Worth Dying For
11%
2023 28 The Secret
6%
No matching quizzes found
Score Distribution
Percent of People with Each Score
Percentile by Number Answered
Your Score History
You have not taken this quiz